Seguimiento de la comunidad de aves y evaluación de la eficacia biológica de las herramientas para el manejo del paisaje implementadas en la Cuenca Media del Río Chambery, Caldas (Registro nro. 8018)

Detalles MARC
000 -CABECERA
Campo de control 00933nam a22002297a 4500
005 - FECHA Y HORA DE LA ULTIMA TRANSACCION
Campo de control 20150206095239.0
008 - ELEMENTOS DE LONGITUD FIJA—INFORMACION GENERAL
Campo de control 131205b2006 ck ||||| |||| 00| 0 spa d
040 ## - FUENTE DE CATALOGACIÓN
Agencia catalogadora original CO-BoIAVH
Agencia transcriptora CO-BoIAVH
041 ## - IDIOMA
Código de idioma para texto/pista de sonido o título separado Español
044 ## - PAÍS DE PUBLICACIÓN
País de publicación Colombia
090 ## - CLASIFICACIÓN LOCAL
Colección IAVH
Consecutivo 01582
100 1# - ASIENTO PRINCIPAL--NOMBRE PERSONAL
Nombre personal Ruiz-Guerra, José Luis
245 10 - MENCION DE TITULO
Título Seguimiento de la comunidad de aves y evaluación de la eficacia biológica de las herramientas para el manejo del paisaje implementadas en la Cuenca Media del Río Chambery, Caldas
Mención de responsabilidad Carlos Ruiz Guerra y Yanira Cifuentes
260 ## - PUBLICACION, DISTRIBUCION, ETC. (PIE DE IMPRENTA)
Lugar de publicación, distribución, etc. Santaigo de Cali
Nombre del editor, distribuidor, etc. Instituto de Investigación de Recursos Biológicos Alexander von Humboldt
-- CALIDRIS
Fecha de publicación, distribución, etc. 2006
300 ## - DESCRIPCION FISICA
Extensión 72 p
Otros detalles físicos il. (col)
Dimensiones 28 cm.
500 ## - NOTA GENERAL
Nota general Informe final
650 ## - ASIENTO SECUNDARIO DE MATERIA - TERMINO TEMATICO
Término temático o nombre geográfico como elemento de entrada Aves acuáticas
650 ## - ASIENTO SECUNDARIO DE MATERIA - TERMINO TEMATICO
Término temático o nombre geográfico como elemento de entrada Herramientas de manejo
651 ## - ASIENTO SECUNDARIO DE MATERIA - NOMBRE GEOGRAFICO
Nombre geográfico Colombia
Subdivisión general Caldas
Subdivisión geográfica Río Cambery
700 1# - ASIENTO SECUNDARIO - NOMBRE PERSONAL
Nombre personal Cifuentes-Sarmiento, Yanira
942 ## - ELEMENTOS ADICIONALES (KOHA)
Sistema de clasificación Local
Tipo de ítem Informe Técnico
Existencias
Withdrawn status Lost status Sistema de Clasificación Damaged status No para préstamo Colección Inventariado Ubicación Permanente Ubicación actual Fecha de adquisición Total Checkouts Número topográfico Inventario / Código de Barras Date last seen Ejemplar Price effective from Forma de adquisición Tipo de material
    Local     Humboldt Inventariado 2017 Bogotá Bogotá 05/12/2013   IAVH-01582 059619 09/08/2024 Ej. 1 05/12/2013   Informe Técnico